Strandspaziergang um Afrika - Statistiken

Allgemein
  • Dieses Quiz wurde 428 mal gespielt
  • Das Durchschnittsergebnis liegt bei 20 aus 37
Antwortstatistiken
Länder % Korrekt
Namibia
99%
Angola
97%
Demokratische Republik Kongo
93%
Ghana
66%
Kamerun
66%
Togo
66%
Benin
65%
Elfenbeinküste
65%
Nigeria
64%
Senegal
62%
Gabun
61%
Gambia
61%
Guinea
61%
Liberia
61%
Sierra Leone
61%
Äquatorial-Guinea
60%
Guinea-Bissau
60%
Mauretanien
59%
Marokko
58%
Senegal
56%
Republik Kongo
52%
Angola
48%
Algerien
43%
Tunesien
42%
Libyen
41%
Spanien
41%
Marokko
40%
Marokko
40%
Ägypten
39%
Kenia
38%
Somalia
37%
Spanien
37%
Mosambik
36%
Sudan
36%
Tansania
36%
Dschibuti
35%
Eritrea
35%
Keine übereinstimmenden Quizze gefunden
Verteilung der Resultate
Anzahl Personen mit jedem Resultat
Perzentil nach korrekt beantworteten Fragen
Ihre Resultats-Entwicklung
Sie haben dieses Quiz noch nicht gespielt